• 首页
  • 本馆介绍
  • 公告通知
  • 最新文献
  • 馆藏检索
  • 电子资源
  • 读者导购
  • 参考咨询
  • 我的图书馆
  • 登录
  • 详细信息显示
  • 放入我的书架
  • 预约/预借图书
  • 作者相关作品
  • 分类相关作品
  • 丛书相关作品
  • 出版社相关作品

书目信息

  • 表格格式
  • 工作单格式
  • 卡片格式
题名:
运动生物化学
    
 
作者: 雅科甫列夫 , Яковлев 著 ;杨奎生 , 刘铁林 译
分册:  
出版信息: 北京   人民体育出版社  1982
页数: 269页
开本: 19cm
丛书名:
单 册:
中图分类: G804.7
科图分类:
主题词: 运动生物化学
电子资源:
ISBN:
000 00933nam0 2200301 45
001 0182001640
005 20040508170350.2
010    @dCNY1.05
091    @a7015.2011
100    @a19950512d1982 emky0chiy0121 ea
101 1  @achi@crus
102    @aCN@b110000
105    @ay z 000yy
106    @ar
200 10 @a运动生物化学@Ayun dong sheng wu hua xue@f(苏)恩·恩·雅科甫列夫(Н.Н.Яковлев)著@g杨奎生,刘铁林译
210    @a北京@c人民体育出版社@d1982
215    @a269页@d19cm
300    @a书名原文:Биохимия спорта
510 1  @aБиохимия спорта@zrus
606    @a运动生物化学
690    @aG804.7@v3
701  1 @a雅科甫列夫@Aya ke fu lie fu@bН.Н.@4著
701 A1 @aЯковлев@bН.Н.@4著
702  0 @a杨奎生@Ayang kui sheng@4译
702  0 @a刘铁林@Aliu tie lin@4译
801  0 @aCN@b上海图书馆@c20040508
801  2 @aCN@bNLC@c20040508
905    @f4@b121340-343@dG804.7@e37
    
    运动生物化学/(苏)恩·恩·雅科甫列夫(Н.Н.Яковлев)著/杨奎生,刘铁林译.-北京:人民体育出版社,1982
    269页;19cm
    书名原文:Биохимия спорта
    
    ISBN :CNY1.05
    
●
相关链接 在E读中查询图书 在五车中查询图书 在当当中查询图书 在豆瓣中查询图书


正题名:运动生物化学     索取号:G804.7/37         预约/预借

序号 登录号 条形码 馆藏地/架位号 状态 备注
1 0121340   000997988   密集书库/ [索取号:G804.7/37] 在馆    
2 0121341   000997979   密集书库/ [索取号:G804.7/37] 在馆    
3 0121342   000997997   密集书库/ [索取号:G804.7/37] 在馆    
4 0121343   000998004   密集书库/ [索取号:G804.7/37] 在馆    
5 0121344   202078697   第一样本阅览室/ [索取号:G804.7/37] 在馆    
唐山师范学院图书馆 欢迎您!
大连网信软件有限公司© 版权所有